000 01085nam a22002537a 4500
005 20100327115110.0
008 100327t xxu||||| |||| 00| 0 hin d
010 _aHIN-89199
020 _a9789380146003
_c140.00
035 _aHN-61545
037 _bDBAD / PUB
040 _aDPL
_bHN
082 _a821
100 _aउदय प्रकाश
_917520
245 _aएक भाषा हुआ करती है /
_cउदय प्रकाश
246 _aEk bhasha huaa kartee hai/
_bby Udaya Prkash
260 _aनई दिल्ली
_bकिताबघर प्रकाशन
_c2009
270 _a4855-56/24, अंसारी रोड, दरियागंज
_bनई दिल्ली
_e110002
300 _a99पृ
_c22सेमी (सजिल्द)
650 _aहिन्दी कविता
_9697
650 _ahindi poetry
_9698
942 _2ddc
_cHN
_h821
_mउदय
999 _c34882
_d34882